Obras completas / (Record no. 29314)

MARC details
000 -LEADER
campo de control de longitud fija 01019nam a2200277 i 4500
001 - NÚMERO DE CONTROL
campo de control 29314
003 - IDENTIFICADOR DE NÚMERO DE CONTROL
campo de control ES-MaACL
005 - FECHA Y HORA DE LA ÚLTIMA TRANSACCIÓN
campo de control 20230906154018.0
007 - CAMPO FIJO DE DESCRIPCIÓN FÍSICA--INFORMACIÓN GENERAL
campo de control de longitud fija t|
008 - DATOS DE LONGITUD FIJA--INFORMACIÓN GENERAL
campo de control de longitud fija 030121s1952 sp ||||1| spa d
100 1# - ENTRADA PRINCIPAL--NOMBRE DE PERSONA
Nombre de persona Baring, Maurice.
9 (RLIN) 25656
245 10 - MENCIÓN DEL TÍTULO
Título Obras completas /
Mención de responsabilidad, etc. Maurice Baring ; [traducción del inglés por Luis Jorda, M. Bosch Barrett, Luis Nonell, Enrique de Juan, Juan G. de Luaces].
250 ## - MENCION DE EDICION
Mención de edición [1ª ed.].
260 ## - PUBLICACIÓN, DISTRIBUCIÓN, ETC.
Lugar de publicación, distribución, etc. Barcelona :
Nombre del editor, distribuidor, etc. José Janés,
Fecha de publicación, distribución, etc. [1952] (
Fabricante Talls. Gráfs. Castilla)
300 ## - DESCRIPCIÓN FÍSICA
Extensión 1 v. :
Otras características físicas retr. aut. ;
Dimensiones 18 cm.
490 1# - MENCIÓN DE SERIE
Mención de serie Los clásicos del siglo XX
505 8# - NOTA DE CONTENIDO CON FORMATO
Nota de contenido con formato Contiene: Novelas. Retablo de mis recuerdos. Aves de paso. Triángulos. C. La princesa blanca
700 1# - ENTRADA AGREGADA--NOMBRE PERSONAL
Nombre de persona Jordá, Luis.
9 (RLIN) 66897
700 1# - ENTRADA AGREGADA--NOMBRE PERSONAL
Nombre de persona Bosch Barrett, Manuel.
9 (RLIN) 30649
700 0# - ENTRADA AGREGADA--NOMBRE PERSONAL
Nombre de persona Nonell, Lluís.
9 (RLIN) 85940
700 1# - ENTRADA AGREGADA--NOMBRE PERSONAL
Nombre de persona Juan, Enrique de.
9 (RLIN) 67090
700 1# - ENTRADA AGREGADA--NOMBRE PERSONAL
Nombre de persona Luaces, Juan G. de.
9 (RLIN) 74483
830 0# - PUNTO DE ACCESO ADICIONAL DE SERIE-TÍTULO UNIFORME
Título uniforme Los clásicos del siglo XX
9 (RLIN) 183579
852 ## - LOCALIZACIÓN
Ubicación ES-MaACL
Número de control de estantería G-283
Holdings
Estatus retirado Estado de pérdida Estado de daño No para préstamo Biblioteca de origen Biblioteca actual Ubicación en estantería Fecha de adquisición Fuente de adquisición Total de préstamos Signatura topográfica completa Código de barras Visto por última vez Precio de reemplazo Tipo de ítem Koha
        Biblioteca del Ateneo de Madrid Biblioteca del Ateneo de Madrid Depósito 2 17/01/2008     G-283 1030262 23/02/2023 23/02/2023 Libro impreso